000
00310nam a2200145Ia 4500
100
_a
Powell/Thomas A
250
_a
4
942
_c
BK
654
_a
html
245
_a
The Complete Reference:HTML and XHTML
260
_b
Tata Mc Graw hill
_c
2003
082
_a
4.62
_b
POW
300
_a
944
546
_a
ENGLISH
999
_c
30572
_d
30572